Monaco Grand Prix Winners - Statistics

General Stats
  • This quiz has been taken 20 times
  • The average score is 46 of 81
Answer Stats
Year Driver 2nd 3rd % Correct
2007 Fernando Alonso Lewis Hamilton Felipe Massa
100%
2006 Fernando Alonso Juan Pablo Montoya David Coulthard
100%
2019 Lewis Hamilton Sebastian Vettel Valtteri Bottas
100%
2016 Lewis Hamilton Daniel Ricciardo Sergio Perez
100%
2008 Lewis Hamilton Robert Kubica Felipe Massa
100%
2023 Max Verstappen Fernando Alonso Esteban Ocon
100%
2021 Max Verstappen Carlos Sainz Jr. Lando Norris
100%
2017 Sebastian Vettel Kimi Raikkonen Daniel Ricciardo
100%
2011 Sebastian Vettel Fernando Alonso Jenson Button
100%
2022 Sergio Perez Carlos Sainz Jr. Max Verstappen
100%
2024 Charles Leclerc Oscar Piastri Carlos Sainz Jr.
95%
1983 Keke Rosberg Nelson Piquet Alain Prost
95%
2015 Nico Rosberg Sebastian Vettel Lewis Hamilton
95%
2014 Nico Rosberg Lewis Hamilton Daniel Ricciardo
95%
2013 Nico Rosberg Sebastian Vettel Mark Webber
95%
2001 Michael Schumacher Rubens Barrichello Eddie Irvine
90%
1999 Michael Schumacher Eddie Irvine Mika Hakkinen
90%
1997 Michael Schumacher Rubens Barrichello Eddie Irvine
90%
1995 Michael Schumacher Damon Hill Gerhard Berger
90%
1994 Michael Schumacher Martin Brundle Gerhard Berger
90%
1993 Ayrton Senna Damon Hill Jean Alesi
85%
1989 Ayrton Senna Alain Prost Stefano Modena
85%
1987 Ayrton Senna Nelson Piquet Michele Alboreto
85%
2018 Daniel Ricciardo Sebastian Vettel Lewis Hamilton
85%
2009 Jenson Button Rubens Barrichello Kimi Raikkonen
85%
2005 Kimi Raikkonen Nick Heidfeld Mark Webber
85%
1988 Alain Prost Gerhard Berger Michele Alboreto
80%
1986 Alain Prost Keke Rosberg Ayrton Senna
80%
1985 Alain Prost Michele Alboreto Elio de Angelis
80%
1984 Alain Prost Ayrton Senna Stefan Bellof
80%
1976 Niki Lauda Clay Regazzoni Jody Scheckter
80%
1975 Niki Lauda Emerson Fittipaldi Carlos Pace
80%
1957 Juan Manuel Fangio Tony Brooks Masten Gregory
75%
1950 Juan Manuel Fangio Alberto Ascari Louis Chrion
75%
2002 David Coulthard Michael Schumacher Ralf Schumacher
70%
2000 David Coulthard Rubens Barrichello Giancarlo Fisichella
70%
1969 Graham Hill Piers Courage Jo Siffert
70%
1968 Graham Hill Richard Attwood Lucien Bianchi
70%
1965 Graham Hill Lorenzo Bandini Jackie Stewart
70%
1964 Graham Hill Richie Ginther Peter Arundell
70%
1963 Graham Hill Richie Ginther Bruce McLaren
70%
1998 Mika Hakkinen Giancarlo Fisichella Eddie Irvine
65%
1959 Jack Brabham Tony Brabham Tony Brooks
60%
1973 Jackie Stewart Emerson Fittipaldi Ronnie Peterson
50%
1971 Jackie Stewart Ronnie Peterson Jacky Ickx
50%
1966 Jackie Stewart Lorenzo Bandini Graham Hill
50%
1979 Jody Scheckter Clay Regazzoni Carlos Reutemann
50%
1977 Jody Scheckter Niki Lauda Carlos Reutemann
50%
1981 Gilles Villeneuve Alan Jones Jacques Laffite
45%
2012 Mark Webber Nico Rosberg Fernando Alonso
45%
2010 Mark Webber Sebastian Vettel Robert Kubica
45%
2003 Juan Pablo Montoya Kimi Raikkonen Michael Schumacher
35%
1967 Denny Hulme Graham Hill Chris Amon
30%
2004 Jarno Trulli Jenson Button Rubens Barrichello
30%
1996 Olivier Panis David Coulthard Johnny Herbert
30%
1961 Stirling Moss Richie Ginther Phil Hill
30%
1960 Stirling Moss Bruce McLaren Phil Hill
30%
1956 Stirling Moss Peter Collins Juan Manuel Fangio
30%
1970 Jochen Rindt Jack Brabham Henri Pescarolo
25%
1948 Giuseppe Farina Louis Chiron Toulo de Graffenried
20%
1931 Louis Chiron Luigi Fagioli Achille Varzi
20%
1982 Riccardo Patrese Didier Pironi Andrea de Caesaris
20%
1933 Achille Varzi Baconln Borzacchini Rene Dreyfus
15%
1980 Carlos Reutemann Jacques Laffite Nelson Piquet
15%
1972 Jean-Pierre Beltoise Jacky Ickx Emerson Fittipaldi
15%
1958 Maurice Trintignant Luigi Musso Peter Collins
15%
1955 Maurice Trintignant Eugenio Castellotti Jean Behra
15%
1974 Ronnie Peterson Jody Scheckter Jean-Pierre Jarier
15%
1936 Rudolf Caracciola Achille Varzi Hans Stuck
15%
1932 Tazio Nuvolari Rudolf Caracciola Luigi Fagioli
15%
1929 William Grover-Williams Georges Bouriano Rudolf Caracciola
15%
1962 Bruce McLaren Phil Hill Lorenzo Bandini
10%
1935 Luigi Fagioli Rene Dreyfus Antonio Brivio
10%
1978 Patrick Depailler Niki Lauda Jody Scheckter
10%
1930 Rene Dreyfus Louis Chiron Guy Bouriat
10%
1952 Vittorio Marzotto Eugenio Castellotti Antonio Stagnoli
10%
1992 Aryton Senna Nigel Mansell Riccardo Patrese
5%
1991 Aryton Senna Nigel Mansell Riccardo Patrese
5%
1934 Guy Moll Louis Chiron Rene Dreyfus
5%
1937 Manfred von Brauchitsch Rudolf Caracciola Christian Kaultz
5%
1990 Sryton Senna Jean Alesi Gerhard Berger
5%
No matching quizzes found
Score Distribution
Percent of People with Each Score
Percentile by Number Answered
Your Score History
You have not taken this quiz